| 000 | 00526nam a2200181Ia 4500 | ||
|---|---|---|---|
| 003 | GCL | ||
| 008 | 140319s9999 xx 000 0 ara d | ||
| 040 |
_aGCL / _cGCL |
||
| 082 | 0 | 4 |
_aط _b371.9044 _bد ا |
| 100 | 1 | _aدار الشروق | |
| 245 | 1 | 0 |
_aاضحك ولون مع: بندق الرياضى / _cدار الشروق |
| 260 |
_a[S.N] : _bدار الشروق |
||
| 490 |
_aاضحك ولون _v0 |
||
| 650 | 0 | 4 | _aالاطفال |
| 650 | 0 | 4 | _aالتلوين |
| 650 | 0 | 4 | _aالتعليم فى الفن |
| 942 |
_2ddc _cBK |
||
| 999 |
_c56365 _d56365 |
||